Zestcrest Ltd v County Hall Green Ventures Ltd (Record no. 113096)
[ view plain ]
| 000 -LEADER | |
|---|---|
| fixed length control field | 01301cab a22002295a 4500 |
| 001 - CONTROL NUMBER | |
| control field | L154671 |
| 008 - FIXED-LENGTH DATA ELEMENTS--GENERAL INFORMATION | |
| fixed length control field | 120111e20111217xxk f 000 0 eng d |
| 035 ## - SYSTEM CONTROL NUMBER | |
| System control number | (Sirsi) u154671 |
| 041 0# - LANGUAGE CODE | |
| Language code of text/sound track or separate title | eng |
| 245 00 - TITLE STATEMENT | |
| Title | Zestcrest Ltd v County Hall Green Ventures Ltd |
| 260 ## - PUBLICATION, DISTRIBUTION, ETC. | |
| Date of publication, distribution, etc. | 2011 |
| 490 #0 - SERIES STATEMENT | |
| Series statement | Estates Gazette |
| Volume/sequential designation | (1150) 17 December 2011,60-62(3) |
| 520 ## - SUMMARY, ETC. | |
| Summary, etc. | Lambeth CC, 2 August 2011. Concerns a hearing on costs in an application by Claimant tenant Z against Defendant landlord C for relief from forfeiture under the County Courts Act 1983 s 139 in respect of a business lease. Z sought costs award against C on an indemnity basis contending that C's request for a formal application for relief as relief from forfeiture could have been effected and the lease continued. "Held": costs awarded against Z. C's physical re-entry of its premises ended the lease by operation of law. A lease once forfeited will remain so and until the lessee applies for relief under s139 of the 1984 Act. |
| 590 ## - LOCAL NOTE (RLIN) | |
| Local note | KA |
| 650 24 - SUBJECT ADDED ENTRY--TOPICAL TERM | |
| Topical term or geographic name entry element | ZESTCREST LTD V COUNTY HALL GREEN VENTURES LTD |
| 650 24 - SUBJECT ADDED ENTRY--TOPICAL TERM | |
| Topical term or geographic name entry element | COUNTY COURTS ACT 1984 S139 |
| 650 24 - SUBJECT ADDED ENTRY--TOPICAL TERM | |
| Topical term or geographic name entry element | LANDLORD AND TENANT ACT 1954 PART II |
| 651 #4 - SUBJECT ADDED ENTRY--GEOGRAPHIC NAME | |
| Geographic name | England and Wales |
| Chronological subdivision | 1543- |
| 690 ## - LOCAL SUBJECT ADDED ENTRY--TOPICAL TERM (OCLC, RLIN) | |
| Topical term or geographic name as entry element | Commercial property |
| 9 (RLIN) | 6227 |
| 690 ## - LOCAL SUBJECT ADDED ENTRY--TOPICAL TERM (OCLC, RLIN) | |
| Topical term or geographic name as entry element | Landlord and tenant |
| 9 (RLIN) | 6252 |
| 942 ## - ADDED ENTRY ELEMENTS (KOHA) | |
| Suppress in OPAC | 0 |
| Withdrawn status | Lost status | Source of classification or shelving scheme | Damaged status | Not for loan | Home library | Current library | Shelving location | Date acquired | Total Checkouts | Full call number | Barcode | Date last seen | Copy number | Price effective from | Koha item type |
|---|---|---|---|---|---|---|---|---|---|---|---|---|---|---|---|
| Dewey Decimal Classification | London | London | Journal article | 11/01/2012 | L154671 | 154671-1001 | 06/08/2019 | 1 | 06/08/2019 | Law report |